000 00589nam a2200193Ia 4500
999 _c34558
_d34558
003 OSt
005 20200907110438.0
008 190216s9999||||xx |||||||||||||| ||und||
020 _a9781259064913
040 _coclc
082 _a531
_bMOO/S
100 _aMoore, Thomas A
_94462
245 0 _aSix Ideas That Shaped Physics :
_bUnit N - The Laws of Physics Are Universal /
_cThomas A Moore
250 _a2nd Ed.
260 _bMcGraw Hill Education,
_c2013.
_aNew Delhi:
300 _a264p
650 _aModern Physics
942 _cBK
_2ddc
_h531
_iMOO/S
_k531
_mMOO/S